00848nam a2200253Ia 450000500170000000800410001702000150005804100080007308200180008110000200009924500940011925000220021330000520023565000210028765000220030865000370033070000200036770000300038726400540041733600270047133700330049833800280053104000350055920220316235721.0121119s2000 mx a gr 000 0 spa  a970686024X1 aspa04a551.01 bW35F1 aWincander, Reed10aFundamentos de geologíacReed Wincander y James S. Monroe ; traducción, Enrique Palos aPrimera edición axxiv, 445, [30] páginasbilustracionesc27 cm14aGeología2LEMB14aGeofísica2LEMB14aTierra (Planeta)xHistoria2LEMB1 aMonroe, James S1 aPalos, Enriqueetraductor aMéxicobInternational Thomson Editoresc[2000?] atextobtxt2rdacontent asin mediaciónbn2rdamedia avolumenbnc2rdacarrier aCO-BoRNBPbspaerdacCO-BoRNBP